000 00630nam a2200229Ia 4500
003 OSt
005 20221007072442.0
006 a|||||r|||| 00| 0
007 ta
008 221006b |||||||| |||| 00| 0 eng d
024 _a9,824
037 _cReference Collections
040 _aFLL
_cFLL
_beng
041 _2eng
_aeng
082 _aV1N45:4:N5, K6
100 _aBowett D.W. Au.
_9686622
245 0 _aUnited nations forces
260 _aLondon
_bStevens and sons London
_c1966
300 _a579p
_ccm.
942 _hV1N45:4:N5, K6
_cREF
_2CC
999 _c1146106
_d1146106